Detalles MARC
| 000 -LEADER |
| campo de control de longitud fija |
00885nam a2200277Ia 4500 |
| 005 - FECHA Y HORA DE LA ÚLTIMA TRANSACCIÓN |
| campo de control |
20250425162624.0 |
| 008 - DATOS DE LONGITUD FIJA--INFORMACIÓN GENERAL |
| campo de control de longitud fija |
250425s9999 xx 000 0 und d |
| 020 ## - NÚMERO INTERNACIONAL ESTÁNDAR DEL LIBRO |
| Número Internacional Estándar del Libro |
8420541036 |
| 041 ## - CÓDIGO DE IDIOMA |
| Código de lengua del texto/banda sonora o título independiente |
spa |
| 043 ## - CÓDIGO DE ÁREA GEOGRÁFICA |
| Código de área geográfica |
sp |
| 082 ## - NÚMERO DE LA CLASIFICACIÓN DECIMAL DEWEY |
| Número de clasificación |
621.3815 |
| Iniciales del Autor |
RAB |
| 010 ## - NÚMERO DE CONTROL DE LA BIBLIOTECA DEL CONGRESO |
| Número de control de LC |
90721 |
| 100 ## - ENTRADA PRINCIPAL--NOMBRE DE PERSONA |
| Nombre de persona |
Rabaey, Jan M. |
| 245 #0 - MENCIÓN DEL TÍTULO |
| Título |
Circuitos integrados digitales |
| Resto del título |
Una perspectiva de diseño |
| Mención de responsabilidad, etc. |
Jan M. Rabaey, Anantha Chandrakasan, Borivoje Nikolic |
| 250 ## - MENCION DE EDICION |
| Mención de edición |
Segunda ed. |
| 260 ## - PUBLICACIÓN, DISTRIBUCIÓN, ETC. |
| Lugar de publicación, distribución, etc. |
España, Madrid |
| Nombre del editor, distribuidor, etc. |
Pearson |
| Fecha de publicación, distribución, etc. |
2004 |
| 300 ## - DESCRIPCIÓN FÍSICA |
| Extensión |
773 p. |
| Otras características físicas |
Ilustrado |
| Dimensiones |
25 cm |
| 500 ## - NOTA GENERAL |
| Nota general |
Incluye tabla de contenido, bibliografías, índice |
| 500 ## - NOTA GENERAL |
| Nota general |
Libro donado por el Ing. Hernán Gutierréz |
| 650 ## - PUNTO DE ACCESO ADICIONAL DE MATERIA--TÉRMINO DE MATERIA |
| Término de materia o nombre geográfico como elemento de entrada |
Circuitos digitales |
| 650 ## - PUNTO DE ACCESO ADICIONAL DE MATERIA--TÉRMINO DE MATERIA |
| Término de materia o nombre geográfico como elemento de entrada |
Electrónica |
| 650 ## - PUNTO DE ACCESO ADICIONAL DE MATERIA--TÉRMINO DE MATERIA |
| Término de materia o nombre geográfico como elemento de entrada |
Interconexiones |
| 710 ## - ENTRADA AGREGADA--NOMBRE DE ENTIDAD CORPORATIVA |
| Nombre de entidad corporativa o nombre de jurisdicción como elemento de entrada |
Vuelapluma |
| Término indicativo de función/relación |
Traducción |
| Título de la obra |
Digital Integrated Circuits |
| 902 ## - ELEMENTOS DE DATOS B LOCAL, LDB (RLIN) |
| a |
Monográfico |
| c |
Impreso |
| 942 ## - ELEMENTOS DE ENTRADA SECUNDARIOS (KOHA) |
| Tipo de ítem Koha |
Libros |